[Event "XX C.to Mondiale Seniores"]
[Site "Arco ITA"]
[Date "2010.10.27"]
[Round "2"]
[White "Antonelli, Fabrizio"]
[Black "Titz, Heimo"]
[WhiteElo "2099"]
[BlackElo "2225"]
[Result "0-1"]
[PlyCount "72"]
[EventDate "2010.10.26"]

1. e4 c5 2. Nf3 e6 3. d4 cxd4 4. Nxd4 Nc6 5. Be3 Nf6 6. Bd3 d5 7. Nxc6 bxc6 8.
Nd2 e5 9. f3 Be7 10. O-O O-O 11. c4 d4 12. Bg5 c5 13. Nb3 Qc7 14. Qd2 a5 15.
Rae1 a4 16. Nc1 Rb8 17. f4 Ng4 18. f5 h6 19. Bxe7 Qxe7 20. Rf3 Rb6 21. Ref1 Bd7
22. h3 Ne3 23. R1f2 Rfb8 24. b3 axb3 25. axb3 Ra8 26. Kh2 Be8 27. Bc2 f6 28. g4
Ra1 29. Rg3 Qa7 30. Rg1 Qa5 31. Nd3 Qxd2 32. Rxd2 Ra2 33. Rgg2 Nf1+ 34. Kg1
Nxd2 35. Rxd2 Rxb3 36. Nc1 Rb1 0-1

[Event "XX C.to Mondiale Seniores"]
[Site "Arco ITA"]
[Date "2010.10.27"]
[Round "2"]
[White "Batakovs, Olegs"]
[Black "Filipenko, Alexander V."]
[WhiteElo "2143"]
[BlackElo "2327"]
[Result "0-1"]
[PlyCount "126"]
[EventDate "2010.10.26"]

1. e4 c5 2. Nf3 d6 3. d4 cxd4 4. Nxd4 Nf6 5. Nc3 Nc6 6. Bb5 Bd7 7. Bg5 h6 8.
Bh4 Qb6 9. Bxc6 bxc6 10. Nb3 a5 11. Rb1 g5 12. Bg3 Bg7 13. O-O Bg4 14. Qd2 Nh5
15. Kh1 a4 16. Nc1 Qa5 17. N1e2 Nxg3+ 18. fxg3 a3 19. b4 Qe5 20. Qd3 O-O 21. b5
Rfc8 22. bxc6 Rxc6 23. Nd5 Rc5 24. c4 Ra7 25. Rb8+ Rc8 26. Rxc8+ Bxc8 27. Rb1
Rb7 28. Nb6 Be6 29. g4 Qc5 30. Nd5 Bxd5 31. cxd5 Rxb1+ 32. Qxb1 Be5 33. Qd3 Qb4
34. g3 Qb2 35. Qc4 Qd2 36. Kg1 Qe3+ 37. Kg2 Kg7 38. Qc2 Bb2 39. Qc4 Bf6 40. Qc2
Be5 41. Qc4 Kf6 42. Qc2 Bd4 43. Nxd4 Qxd4 44. Kf3 Qb2 45. Qc8 Kg7 46. Qc4 Qxh2
47. Qc3+ Kg6 48. Qxa3 Qh1+ 49. Ke3 Qg1+ 50. Kd2 Qg2+ 51. Kc1 Qxe4 52. Qb3 Qxg4
53. a4 h5 54. a5 h4 55. gxh4 gxh4 56. Qd3+ f5 57. a6 h3 58. a7 Qg1+ 59. Kc2
Qxa7 60. Qg3+ Kf7 61. Qxh3 Qa2+ 62. Kc1 Qc4+ 63. Kb2 Qxd5 0-1

[Event "XX C.to Mondiale Seniores"]
[Site "Arco ITA"]
[Date "2010.10.27"]
[Round "2"]
[White "Belokopyt, Boris"]
[Black "Scarpellini, Felice"]
[WhiteElo "2041"]
[BlackElo "1809"]
[Result "1-0"]
[PlyCount "61"]
[EventDate "2010.10.26"]

1. e4 d6 2. d4 g6 3. f4 Bg7 4. Nf3 a6 5. Bd3 b5 6. O-O Bb7 7. c3 Nd7 8. e5 e6
9. exd6 cxd6 10. Qe2 Ne7 11. Nbd2 O-O 12. Ne4 Nb6 13. b3 Rc8 14. Qd2 Nbd5 15.
Ba3 Rc6 16. c4 bxc4 17. bxc4 Nf6 18. Rac1 Nxe4 19. Bxe4 Rc7 20. Bxb7 Rxb7 21.
Rb1 Rd7 22. Rfd1 Re8 23. Qb4 Nf5 24. Qa4 a5 25. c5 d5 26. Rb5 Ra7 27. c6 Ra8
28. Rb7 Ne3 29. Rdb1 Nc2 30. c7 Qc8 31. Rb8 1-0

[Event "XX C.to Mondiale Seniores"]
[Site "Arco ITA"]
[Date "2010.10.27"]
[Round "2"]
[White "Biller, Helmut"]
[Black "Busu, Corneliu"]
[WhiteElo "2135"]
[BlackElo "2305"]
[Result "1-0"]
[PlyCount "93"]
[EventDate "2010.10.26"]

1. d4 Nf6 2. c4 e6 3. Nc3 Bb4 4. Qc2 O-O 5. a3 Bxc3+ 6. Qxc3 d5 7. Bg5 Nbd7 8.
e3 c6 9. Nf3 Ne4 10. Bxd8 Nxc3 11. Bc7 Ne4 12. Bd3 f5 13. Ne5 Nxe5 14. Bxe5 Bd7
15. f3 Nf6 16. O-O Rad8 17. c5 Rf7 18. b4 a6 19. a4 Rff8 20. Rab1 Ra8 21. Rb3
Rfc8 22. Rfb1 Be8 23. h3 Nd7 24. Bd6 b5 25. Ra1 Nb8 26. axb5 cxb5 27. Bxb8
Raxb8 28. Rxa6 Bc6 29. Rba3 Rb7 30. Ra7 Rxa7 31. Rxa7 Kf8 32. Ra6 Bd7 33. Rb6
Ra8 34. Bxb5 Ra1+ 35. Kf2 Ra2+ 36. Kg3 Bxb5 37. Rxb5 g5 38. c6 Rc2 39. Rb6 Ke7
40. b5 Kd6 41. Rb7 e5 42. dxe5+ Kxe5 43. c7 f4+ 44. exf4+ gxf4+ 45. Kh4 Kd4 46.
b6 Ke3 47. Rb8 1-0

[Event "XX C.to Mondiale Seniores"]
[Site "Arco ITA"]
[Date "2010.10.27"]
[Round "2"]
[White "Bisignano, Giuseppe"]
[Black "Schweiger, Georg"]
[WhiteElo "1897"]
[BlackElo "2166"]
[Result "1-0"]
[PlyCount "45"]
[EventDate "2010.10.26"]

1. e4 e6 2. d4 d5 3. Nc3 Bb4 4. e5 c5 5. a3 Bxc3+ 6. bxc3 Qa5 7. Bd2 Qa4 8. Nf3
cxd4 9. cxd4 b6 10. Bd3 Ba6 11. Bb4 Nc6 12. O-O Bxd3 13. Qxd3 Nge7 14. Rfe1 h6
15. Rab1 Kd7 16. Nd2 Rhc8 17. c4 Nxb4 18. axb4 Rc7 19. Ra1 Qxb4 20. Reb1 dxc4
21. Qc2 Nd5 22. Rxb4 Nxb4 23. Qa4+ 1-0

[Event "XX C.to Mondiale Seniores"]
[Site "Arco ITA"]
[Date "2010.10.27"]
[Round "2"]
[White "Blaushtain, Boris"]
[Black "Pritchett, Craig William"]
[WhiteElo "2139"]
[BlackElo "2314"]
[Result "0-1"]
[PlyCount "112"]
[EventDate "2010.10.26"]

1. c4 e5 2. Nc3 Nf6 3. g3 Bb4 4. Bg2 O-O 5. e4 d6 6. Nge2 Nc6 7. d3 a6 8. O-O
Rb8 9. Bg5 h6 10. Bxf6 Qxf6 11. Nd5 Qd8 12. Nxb4 Nxb4 13. a3 Nc6 14. d4 b5 15.
cxb5 axb5 16. d5 Na5 17. Qc2 Bg4 18. f3 Bd7 19. Rac1 c5 20. dxc6 Bxc6 21. Rfd1
Qb6+ 22. Kh1 Nc4 23. Rd3 Bd7 24. Nc3 Be6 25. Qe2 b4 26. axb4 Qxb4 27. Nd5 Bxd5
28. Rxd5 Nxb2 29. Qd2 Qxd2 30. Rxd2 Rfc8 31. Rxc8+ Rxc8 32. Bh3 Rc1+ 33. Kg2
Nc4 34. Ra2 g6 35. Kf2 Kg7 36. Bf1 Kf6 37. Ra6 Rc2+ 38. Be2 Ke6 39. Rc6 Na3 40.
Rxc2 Nxc2 41. Bc4+ Ke7 42. g4 Nd4 43. h4 Ne6 44. Ke3 Nf4 45. Kf2 d5 46. exd5
Kd6 47. Kg3 f6 48. Kf2 Kc5 49. Bb3 Nxd5 50. Bc2 Nf4 51. Be4 Kd4 52. Bc6 h5 53.
gxh5 Nxh5 54. Ba4 f5 55. Bb5 Nf4 56. Ba6 Nd3+ 0-1

[Event "XX C.to Mondiale Seniores"]
[Site "Arco ITA"]
[Date "2010.10.27"]
[Round "2"]
[White "Bogdanov, Valentin"]
[Black "Mesiarik, Rudolf"]
[WhiteElo "2393"]
[BlackElo "2173"]
[Result "1-0"]
[PlyCount "63"]
[EventDate "2010.10.26"]

1. d4 c5 2. d5 e5 3. e4 d6 4. Nc3 a6 5. a4 g6 6. Be2 Bh6 7. Bxh6 Nxh6 8. Nf3
O-O 9. Qd2 Kg7 10. O-O Bg4 11. Ng5 Bxe2 12. Nxe2 Ng8 13. f4 h6 14. Nf3 exf4 15.
Qxf4 Qf6 16. Qg3 Nd7 17. Nf4 Kh7 18. Nd3 Qe7 19. e5 dxe5 20. Nfxe5 Ngf6 21.
Nxd7 Nxd7 22. Rae1 Qd8 23. c4 Kg8 24. Qd6 Nb6 25. Qxd8 Raxd8 26. b3 Nd7 27. Re7
b5 28. a5 b4 29. Rfe1 g5 30. Ne5 Nxe5 31. R1xe5 Rd6 32. Rc7 1-0

[Event "XX C.to Mondiale Seniores"]
[Site "Arco ITA"]
[Date "2010.10.27"]
[Round "2"]
[White "Bondick, Karl-Heinz"]
[Black "Rukavina, Josip"]
[WhiteElo "2166"]
[BlackElo "2423"]
[Result "0-1"]
[PlyCount "88"]
[EventDate "2010.10.26"]

1. d4 d6 2. c4 e5 3. dxe5 dxe5 4. Qxd8+ Kxd8 5. Nf3 f6 6. Nc3 Be6 7. e4 Nd7 8.
Be3 Bc5 9. Bxc5 Nxc5 10. Be2 c6 11. O-O a5 12. Rfd1+ Ke7 13. Ne1 Nh6 14. f3 Nf7
15. Nc2 Rhd8 16. Ne3 g6 17. Kf2 f5 18. exf5 gxf5 19. g3 Nd6 20. b3 Rf8 21. Ng2
Rad8 22. f4 e4 23. Ne3 Rd7 24. Rd2 Ne8 25. Rad1 Rxd2 26. Rxd2 Nf6 27. Nc2 h5
28. Nd1 Ng4+ 29. Kg2 h4 30. h3 Nf6 31. gxh4 Rh8 32. Kg3 e3 33. Rd4 Nce4+ 34.
Kf3 Rxh4 35. Ndxe3 Nh5 36. Bf1 Nxf4 37. Ng2 Nxg2 38. Kxg2 Rh8 39. Ne1 a4 40.
Rd3 axb3 41. axb3 Ra8 42. Kf3 Ra2 43. Bg2 Rb2 44. Re3 Rf2# 0-1

[Event "XX C.to Mondiale Seniores"]
[Site "Arco ITA"]
[Date "2010.10.27"]
[Round "2"]
[White "Carlsten, Peter"]
[Black "Standal, Bard"]
[WhiteElo "2097"]
[BlackElo "1914"]
[Result "1-0"]
[PlyCount "31"]
[EventDate "2010.10.26"]

1. e4 c5 2. Nc3 d6 3. g3 g6 4. Bg2 Bg7 5. d3 Nc6 6. f4 Nf6 7. Nf3 O-O 8. O-O
Rb8 9. a4 Bd7 10. h3 e5 11. g4 Nd4 12. fxe5 Nxf3+ 13. Qxf3 Ne8 14. exd6 Nxd6
15. Bf4 Bc6 16. Qg3 1-0

[Event "XX C.to Mondiale Seniores"]
[Site "Arco ITA"]
[Date "2010.10.27"]
[Round "2"]
[White "Cebalo, Miso"]
[Black "Zunker, Reinhard"]
[WhiteElo "2493"]
[BlackElo "2198"]
[Result "1-0"]
[PlyCount "69"]
[EventDate "2010.10.26"]

1. d4 Nf6 2. c4 g6 3. Nc3 d6 4. e4 Bg7 5. f4 c5 6. d5 O-O 7. Nf3 e5 8. fxe5
dxe5 9. Bg5 h6 10. Bh4 Bg4 11. Bd3 a6 12. a4 Qd6 13. O-O Nh5 14. h3 Bxf3 15.
Rxf3 Nf4 16. Bf1 g5 17. Bf2 Nd7 18. g3 Ng6 19. a5 Ne7 20. Bd3 Rfd8 21. Na4 Rac8
22. Kg2 h5 23. Bc2 g4 24. hxg4 hxg4 25. Rb3 Qg6 26. Rxb7 Bf8 27. Nb6 Nxb6 28.
Rxb6 Rc6 29. Qe2 Rxb6 30. axb6 Qxb6 31. Qxg4+ Ng6 32. b3 Rd6 33. Be3 Bg7 34.
Qc8+ Bf8 35. Bxc5 1-0

[Event "XX C.to Mondiale Seniores"]
[Site "Arco ITA"]
[Date "2010.10.27"]
[Round "2"]
[White "Chernikov, Oleg L."]
[Black "Zakharchenko, Arnold"]
[WhiteElo "2425"]
[BlackElo "2192"]
[Result "1/2-1/2"]
[PlyCount "41"]
[EventDate "2010.10.26"]

1. d4 Nf6 2. c4 g6 3. Nc3 d5 4. Nf3 Bg7 5. Bg5 dxc4 6. e4 c5 7. d5 b5 8. Bxf6
Bxf6 9. e5 Bg7 10. Nxb5 Qa5+ 11. Nc3 Bg4 12. Be2 Nd7 13. Nd2 Bxe2 14. Qxe2 Nxe5
15. O-O O-O 16. f4 Nd7 17. Nxc4 Qa6 18. Rfe1 Bd4+ 19. Kh1 Nf6 20. Rad1 Rad8 21.
Ne3 1/2-1/2

[Event "XX C.to Mondiale Seniores"]
[Site "Arco ITA"]
[Date "2010.10.27"]
[Round "2"]
[White "Danner, Georg"]
[Black "Barlocco, Carlo"]
[WhiteElo "2422"]
[BlackElo "2175"]
[Result "1/2-1/2"]
[PlyCount "109"]
[EventDate "2010.10.26"]

1. d4 d5 2. Nf3 e6 3. e3 Nf6 4. c4 c5 5. cxd5 exd5 6. Bb5+ Nc6 7. O-O Bd6 8.
Qc2 Qb6 9. Bxc6+ bxc6 10. dxc5 Qxc5 11. Qxc5 Bxc5 12. b3 Ba6 13. Rd1 O-O 14.
Bb2 Rac8 15. Nbd2 Rfd8 16. Nd4 Bf8 17. Nf5 Ne8 18. Nf3 g6 19. Ng3 Ng7 20. e4
Ne6 21. Bf6 Bg7 22. Bxd8 Bxa1 23. Rxa1 Rxd8 24. Ne5 Rd6 25. Nxc6 dxe4 26. Nxa7
f5 27. h4 Kf7 28. Rc1 Rd2 29. a4 Rb2 30. Rc3 Nd4 31. Rc7+ Kf6 32. Rxh7 Rxb3 33.
h5 Bd3 34. Rd7 Ne6 35. hxg6 f4 36. Nh1 e3 37. fxe3 fxe3 38. Ng3 Rb1+ 39. Kh2 e2
40. Nxe2 Bxe2 41. Nb5 Ra1 42. Nc3 Bg4 43. Nd5+ Kxg6 44. Ne3 Rxa4 45. Nxg4 Rxg4
46. Rd2 Ng7 47. Ra2 Nf5 48. Ra3 Kg5 49. Rb3 Re4 50. Ra3 Ne3 51. Kg3 Rg4+ 52.
Kf3 Nxg2 53. Ra5+ Kh4 54. Re5 Nf4 55. Re4 1/2-1/2

[Event "XX C.to Mondiale Seniores"]
[Site "Arco ITA"]
[Date "2010.10.27"]
[Round "2"]
[White "Dydyshko, Viacheslav"]
[Black "Anguera Maestro, Jaime"]
[WhiteElo "2547"]
[BlackElo "2205"]
[Result "1-0"]
[PlyCount "61"]
[EventDate "2010.10.26"]

1. d4 d5 2. c4 e6 3. Nf3 Nf6 4. Nc3 c6 5. Bg5 Be7 6. e3 h6 7. Bh4 Nbd7 8. Qb3
O-O 9. Be2 b6 10. cxd5 exd5 11. O-O Ne4 12. Bxe7 Qxe7 13. a4 Ndf6 14. a5 b5 15.
Nxe4 Nxe4 16. Rfc1 Bd7 17. Ne5 Rfc8 18. Rc2 Nd6 19. Qb4 f6 20. Ng6 Qe6 21. Rac1
Be8 22. Nf4 Qd7 23. Bg4 Qxg4 24. Qxd6 Qd7 25. Qb4 g5 26. Nd3 h5 27. Rc5 h4 28.
h3 Bg6 29. Qc3 Qf5 30. Nb4 g4 31. Nxd5 1-0

[Event "XX C.to Mondiale Seniores"]
[Site "Arco ITA"]
[Date "2010.10.27"]
[Round "2"]
[White "Eperjesi, Laszlo"]
[Black "Timoscenko, Gennadij A."]
[WhiteElo "2194"]
[BlackElo "2499"]
[Result "0-1"]
[PlyCount "74"]
[EventDate "2010.10.26"]

1. d4 Nf6 2. c4 g6 3. Nc3 d5 4. Nf3 Bg7 5. e3 O-O 6. Bd2 c5 7. dxc5 Na6 8. cxd5
Nxc5 9. Bc4 a6 10. b4 Nce4 11. Rc1 b5 12. Bb3 Bb7 13. O-O Qd6 14. Nxe4 Nxe4 15.
Be1 Rfd8 16. Nd4 Bxd5 17. f3 Bxb3 18. Qxb3 Bxd4 19. fxe4 Bf6 20. a4 bxa4 21.
Qxa4 Be5 22. Bg3 Bxg3 23. hxg3 Qd3 24. Rf3 Qxe4 25. Rc6 a5 26. Rb6 axb4 27. Qb3
Rd5 28. Rxb4 Ra1+ 29. Rf1 Rxf1+ 30. Kxf1 Qe6 31. Rf4 g5 32. Rb4 Qd6 33. Rb8+
Kg7 34. Qc3+ f6 35. Qc8 Rd1+ 36. Kf2 Qd2+ 37. Kf3 Rf1+ 0-1

[Event "XX C.to Mondiale Seniores"]
[Site "Arco ITA"]
[Date "2010.10.27"]
[Round "2"]
[White "Ermenkov, Evgenij P."]
[Black "Keserovic, Milan"]
[WhiteElo "2442"]
[BlackElo "2194"]
[Result "1-0"]
[PlyCount "165"]
[EventDate "2010.10.26"]

1. e4 e5 2. Nf3 Nc6 3. Bb5 a6 4. Ba4 Nf6 5. O-O b5 6. Bb3 Be7 7. Re1 d6 8. c3
O-O 9. h3 Na5 10. Bc2 c5 11. d4 cxd4 12. cxd4 Bb7 13. d5 Qc7 14. Nbd2 Nh5 15.
Nf1 g6 16. b3 Bc8 17. Bd2 Bd7 18. Rc1 Rfc8 19. Ne3 Nf4 20. Kh2 Qd8 21. Bb1 Kg7
22. Bc3 f6 23. Qd2 Nb7 24. b4 Qb6 25. Bb2 Nd8 26. a3 Nf7 27. Ng1 Ng5 28. h4 Nf7
29. g3 Nh5 30. Bd3 Kg8 31. Bf1 Qd8 32. Bh3 Ng7 33. f4 Bxh3 34. Nxh3 Qd7 35.
Rxc8+ Rxc8 36. Rc1 Nh6 37. fxe5 fxe5 38. Rxc8+ Qxc8 39. Nf2 Nh5 40. Kg2 Bd8 41.
Qc1 Qxc1 42. Bxc1 Bb6 43. Kf3 Kg7 44. Nh3 Nf7 45. g4 Nf6 46. g5 Nh5 47. Ng4 Bd4
48. Nhf2 Nd8 49. Nd3 Nb7 50. Bd2 Kf7 51. Ne3 Kg7 52. Nc2 Bb6 53. Na1 Kf7 54.
Nb3 Ke7 55. Nf2 Kd7 56. Ng4 Ke7 57. Nf2 Kd7 58. Nd3 Ng7 59. Bc3 Ne8 60. Kg4 Ke7
61. h5 Ng7 62. h6 Nh5 63. Nd2 Nd8 64. Nf3 Nf7 65. Bxe5 dxe5 66. Nfxe5 Be3 67.
Nxf7 Kxf7 68. e5 Ke7 69. Nc5 Nf4 70. d6+ Ke8 71. Ne4 Ne6 72. Nf6+ Kf7 73. Nxh7
Bc1 74. d7 Ke7 75. Nf6 Nxg5 76. e6 Nh7 77. Nxh7 Bxh6 78. Ng5 Bg7 79. Nf7 Kxe6
80. d8=Q Kxf7 81. Qd7+ Kg8 82. Kg5 Kh7 83. Qf7 1-0

[Event "XX C.to Mondiale Seniores"]
[Site "Arco ITA"]
[Date "2010.10.27"]
[Round "2"]
[White "Facchetti, Gianni"]
[Black "Van Riemsdijk, Herman C."]
[WhiteElo "2151"]
[BlackElo "2390"]
[Result "0-1"]
[PlyCount "96"]
[EventDate "2010.10.26"]

1. e4 e5 2. Nf3 Nc6 3. Bc4 Nf6 4. Nc3 Nxe4 5. O-O Nf6 6. Re1 Be7 7. Nxe5 Nxe5
8. Rxe5 d6 9. Re1 d5 10. Bf1 d4 11. Nb1 O-O 12. d3 Be6 13. Bg5 h6 14. Bxf6 Bxf6
15. Nd2 c5 16. g3 Qd7 17. Bg2 Rac8 18. b3 Bd8 19. a4 Ba5 20. Rf1 Bc3 21. Rb1 a6
22. Ne4 Bb4 23. f4 Rce8 24. Bf3 Re7 25. Rf2 Rfe8 26. Qf1 Bh3 27. Bg2 Bxg2 28.
Qxg2 f5 29. Nd2 Bxd2 30. Rxd2 Kh7 31. h4 Re3 32. Kh2 R8e6 33. Rf1 b6 34. Rf3
Re1 35. Rf1 Rxf1 36. Qxf1 Qe8 37. Qh3 Re2+ 38. Rxe2 Qxe2+ 39. Qg2 Qxg2+ 40.
Kxg2 Kg6 41. Kf2 Kh5 42. Kf3 g6 43. Kf2 Kg4 44. Kg2 h5 45. Kf2 Kh3 46. Kf3 a5
47. Kf2 Kh2 48. Kf3 Kg1 0-1

[Event "XX C.to Mondiale Seniores"]
[Site "Arco ITA"]
[Date "2010.10.27"]
[Round "2"]
[White "Garcia, Raimundo"]
[Black "Ashby, Anthony C."]
[WhiteElo "2331"]
[BlackElo "2149"]
[Result "1-0"]
[PlyCount "83"]
[EventDate "2010.10.26"]

1. Nf3 f5 2. c4 Nf6 3. Nc3 g6 4. g3 Bg7 5. Bg2 O-O 6. O-O d6 7. d4 Nc6 8. d5
Ne5 9. Nxe5 dxe5 10. e4 a6 11. exf5 gxf5 12. b3 Rb8 13. Ba3 b5 14. cxb5 axb5
15. Bb4 Ne8 16. Rc1 Rf7 17. Qe2 Bd7 18. Rfd1 Nd6 19. f4 e4 20. Qe3 Ra8 21. Rc2
Qb8 22. Ne2 Ne8 23. Bf1 Qb7 24. Bc3 Bxc3 25. Qxc3 Qb6+ 26. Qd4 Rf6 27. Nc1
Qxd4+ 28. Rxd4 Rd6 29. Ne2 Kf7 30. Rdd2 Ra7 31. Nc3 Rb6 32. Nd1 e6 33. Ne3 exd5
34. Rxd5 Rd6 35. Rdc5 c6 36. Nxf5 Rd1 37. Re5 Nf6 38. Ne3 Ra1 39. a4 bxa4 40.
bxa4 R7xa4 41. Kf2 R1a2 42. Bc4+ 1-0

[Event "XX C.to Mondiale Seniores"]
[Site "Arco ITA"]
[Date "2010.10.27"]
[Round "2"]
[White "Gierse, Heinz-Dieter"]
[Black "Sloth, Jorn"]
[WhiteElo "2127"]
[BlackElo "2302"]
[Result "0-1"]
[PlyCount "60"]
[EventDate "2010.10.26"]

1. Nf3 b6 2. g3 Bb7 3. Bg2 g6 4. d3 Bg7 5. O-O d5 6. Nbd2 d4 7. Nc4 Nf6 8. Bd2
Nd5 9. Qc1 O-O 10. Bh6 Nc6 11. Bxg7 Kxg7 12. e3 dxe3 13. fxe3 b5 14. Nce5 Nxe5
15. Nxe5 f6 16. Nf3 c5 17. e4 Nc7 18. Qe3 Ne6 19. c3 Qb6 20. Rad1 Rad8 21. Rd2
b4 22. Bh3 Nc7 23. Rfd1 e5 24. Kf2 bxc3 25. bxc3 Ne8 26. d4 cxd4 27. cxd4 Nd6
28. Rd3 Nxe4+ 29. Ke2 Qa6 30. a3 Nc3+ 0-1

[Event "XX C.to Mondiale Seniores"]
[Site "Arco ITA"]
[Date "2010.10.27"]
[Round "2"]
[White "Gundersen, Helge"]
[Black "Chubar, Vladimir"]
[WhiteElo "2230"]
[BlackElo "2100"]
[Result "1-0"]
[PlyCount "85"]
[EventDate "2010.10.26"]

1. b3 Nf6 2. Bb2 d6 3. e3 e5 4. d4 e4 5. d5 Be7 6. c4 O-O 7. Nc3 Re8 8. Nge2
Bf8 9. Ng3 g6 10. Qd4 c5 11. dxc6 Nxc6 12. Qd2 h5 13. O-O-O h4 14. Nge2 Bg4 15.
h3 Bh5 16. Re1 Bxe2 17. Bxe2 a6 18. Rd1 Bg7 19. Kb1 Nb4 20. a3 Nc6 21. Ka2 b5
22. cxb5 axb5 23. Bxb5 Qb6 24. Bxc6 Qxc6 25. Qxd6 Qb7 26. Nd5 Nxd5 27. Qxd5 Qa7
28. a4 Bxb2 29. Kxb2 Rab8 30. Rd4 Qb6 31. Rhd1 Rec8 32. Rc1 Qf6 33. Rxc8+ Rxc8
34. Qxe4 Qxf2+ 35. Ka3 Qe1 36. Rc4 Rb8 37. Qd4 Qg3 38. Qf4 Re8 39. Qxg3 hxg3
40. a5 Re5 41. a6 Rxe3 42. Rc8+ Kg7 43. a7 1-0

[Event "XX C.to Mondiale Seniores"]
[Site "Arco ITA"]
[Date "2010.10.27"]
[Round "2"]
[White "Gutzeit, Avraham"]
[Black "Sevenyuk, Alexey"]
[WhiteElo "2175"]
[BlackElo "1920"]
[Result "1/2-1/2"]
[PlyCount "32"]
[EventDate "2010.10.26"]

1. e4 b6 2. Nf3 Bb7 3. Nc3 d6 4. d4 Nd7 5. Bc4 e6 6. O-O Ne7 7. a4 a6 8. Bd2
Ng6 9. g3 Be7 10. h4 h6 11. h5 Ngf8 12. Nh2 Nh7 13. Be3 c5 14. d5 e5 15. Kg2
O-O 16. g4 Ng5 1/2-1/2

[Event "XX C.to Mondiale Seniores"]
[Site "Arco ITA"]
[Date "2010.10.27"]
[Round "2"]
[White "Haubt, Georg"]
[Black "Strand, Oyvin"]
[WhiteElo "2224"]
[BlackElo "1978"]
[Result "0-1"]
[PlyCount "88"]
[EventDate "2010.10.26"]

1. d4 d5 2. Nc3 Bf5 3. f3 e6 4. e4 Bg6 5. Nh3 Bb4 6. exd5 exd5 7. Nf4 Ne7 8. a3
Bxc3+ 9. bxc3 O-O 10. Rb1 b6 11. Be2 Nbc6 12. O-O Qd6 13. Re1 a6 14. a4 Na5 15.
Ra1 Rfe8 16. g3 Nf5 17. Nxg6 hxg6 18. Bf4 Qd7 19. Bd3 Nc4 20. Bxc4 dxc4 21. Re4
Nd6 22. Bxd6 cxd6 23. d5 Rxe4 24. fxe4 Re8 25. Qd4 b5 26. axb5 axb5 27. Re1 Qg4
28. Kg2 f5 29. h3 Qg5 30. h4 Qg4 31. e5 Rxe5 32. Qxg4 fxg4 33. Rxe5 dxe5 34.
Kf2 Kf7 35. Ke2 Ke8 36. Kd2 Ke7 37. Ke3 Kd7 38. d6 Kxd6 39. Ke4 Ke6 40. Ke3 Kd5
41. Kd2 Kc5 42. Ke3 b4 43. cxb4+ Kxb4 44. Kd2 e4 0-1

[Event "XX C.to Mondiale Seniores"]
[Site "Arco ITA"]
[Date "2010.10.27"]
[Round "2"]
[White "Hlinschi, Mihai"]
[Black "Henrichsen, Erland"]
[WhiteElo "1776"]
[BlackElo "2012"]
[Result "1/2-1/2"]
[PlyCount "92"]
[EventDate "2010.10.26"]

1. e4 e6 2. d4 d5 3. Nd2 dxe4 4. Nxe4 Bd7 5. Nf3 Bc6 6. Bd3 Nd7 7. c3 Ngf6 8.
Qe2 Be7 9. Bd2 Nxe4 10. Bxe4 Bxe4 11. Qxe4 c6 12. c4 Nf6 13. Qc2 O-O 14. Bc3
Qc7 15. O-O Qf4 16. Rfe1 Rfe8 17. Rad1 Rad8 18. a4 Bd6 19. Bd2 Qg4 20. h3 Qg6
21. Qxg6 hxg6 22. Bc3 Bc7 23. g3 a6 24. Kg2 Rc8 25. Ng5 Red8 26. f4 Rd7 27. Nf3
Ne8 28. Ne5 Rdd8 29. b3 Bd6 30. Kf3 Kf8 31. Ba5 Bc7 32. Bb4+ Kg8 33. Be7 Bb6
34. c5 Ba5 35. Re3 Rd5 36. Nc4 Bc7 37. a5 Rd7 38. Bh4 Nf6 39. Nb6 Bxb6 40. axb6
Rd5 41. g4 Ra8 42. Red3 Rd7 43. Be1 Nd5 44. b4 Kf8 45. Ra3 Rad8 46. Rad3 Kg8
1/2-1/2

[Event "XX C.to Mondiale Seniores"]
[Site "Arco ITA"]
[Date "2010.10.27"]
[Round "2"]
[White "Jacobsen, Bo"]
[Black "Nickl, Klaus"]
[WhiteElo "2317"]
[BlackElo "2145"]
[Result "1-0"]
[PlyCount "75"]
[EventDate "2010.10.26"]

1. g3 Nf6 2. c4 g6 3. Bg2 Bg7 4. Nc3 d6 5. d3 Nc6 6. Rb1 a5 7. a3 O-O 8. Nf3 e5
9. O-O Nd4 10. Nd2 c6 11. b4 axb4 12. axb4 d5 13. b5 Be6 14. e3 Nf5 15. Na4 Nd7
16. e4 dxe4 17. Nxe4 Nd4 18. Ba3 f5 19. Bxf8 Bxf8 20. bxc6 bxc6 21. Nd2 Qa5 22.
Ra1 Qb4 23. Nf3 Nb3 24. Rb1 Qxa4 25. Rxb3 Nc5 26. Rb6 Nxd3 27. Qxd3 e4 28. Qb1
exf3 29. Bxf3 Bxc4 30. Bxc6 Qa3 31. Bxa8 Qxa8 32. Rb8 Qa3 33. Re1 Bf7 34. Qd1
f4 35. Qd4 fxg3 36. hxg3 h5 37. Ra1 Qe7 38. Raa8 1-0

[Event "XX C.to Mondiale Seniores"]
[Site "Arco ITA"]
[Date "2010.10.27"]
[Round "2"]
[White "Jadrijevic, Ante"]
[Black "Ziltener, Werner"]
[WhiteElo "2242"]
[BlackElo "2116"]
[Result "1-0"]
[PlyCount "39"]
[EventDate "2010.10.26"]

1. d4 d5 2. Nf3 Nf6 3. e3 c5 4. c3 e6 5. Nbd2 Nbd7 6. Bd3 Be7 7. O-O O-O 8. Re1
Qc7 9. e4 dxe4 10. Nxe4 Nxe4 11. Rxe4 Nf6 12. Rh4 g6 13. Bg5 Re8 14. Ne5 Bd7
15. Qf3 Bc6 16. Qf4 Kg7 17. Bxf6+ Bxf6 18. Qh6+ Kg8 19. Qxh7+ Kf8 20. Nxg6+ 1-0

[Event "XX C.to Mondiale Seniores"]
[Site "Arco ITA"]
[Date "2010.10.27"]
[Round "2"]
[White "Jansa, Vlastimil"]
[Black "Serra Olives, Tomas"]
[WhiteElo "2499"]
[BlackElo "2201"]
[Result "1-0"]
[PlyCount "103"]
[EventDate "2010.10.26"]

1. e4 e5 2. Nf3 Nc6 3. Bb5 a6 4. Ba4 Nf6 5. O-O Be7 6. Re1 b5 7. Bb3 O-O 8. h3
d6 9. c3 Na5 10. Bc2 c5 11. d4 Qc7 12. Nbd2 Bd7 13. Nf1 Rfe8 14. Ng3 h6 15. b3
Bf8 16. Be3 g6 17. Qd2 Kh7 18. d5 Bg7 19. Nh2 Ng8 20. Rf1 Nf6 21. Rfe1 Ng8 22.
Rf1 Rf8 23. Rae1 Rae8 24. f4 exf4 25. Bxf4 b4 26. cxb4 cxb4 27. Re2 Nb7 28. Nf3
Nc5 29. Ref2 Bb5 30. Rd1 Bc3 31. Qc1 Nd7 32. Bd3 Bxd3 33. Rxd3 Qb6 34. Be3 Qb5
35. Rd1 Ne5 36. Nxe5 Bxe5 37. Bf4 Rc8 38. Qd2 Bxf4 39. Qxf4 Qb6 40. Kh2 Rc3 41.
Rdf1 Kg7 42. Qg4 Qc7 43. Nf5+ Kh7 44. Nd4 f5 45. exf5 gxf5 46. Rxf5 Rxf5 47.
Qxf5+ Kh8 48. Ne6 Qe7 49. Qg6 Qh7 50. Qxh7+ Kxh7 51. Rf7+ Kh8 52. Nf4 1-0

[Event "XX C.to Mondiale Seniores"]
[Site "Arco ITA"]
[Date "2010.10.27"]
[Round "2"]
[White "Kleszczewski, Nicholas"]
[Black "Pavlov, Mircea Sergiu"]
[WhiteElo "2145"]
[BlackElo "2362"]
[Result "0-1"]
[PlyCount "54"]
[EventDate "2010.10.26"]

1. e4 c5 2. c3 d5 3. e5 Nc6 4. d4 cxd4 5. cxd4 Qb6 6. Nf3 Bg4 7. Nbd2 e6 8. a3
Nge7 9. Qa4 a6 10. Bd3 Nf5 11. Bxf5 Bxf5 12. O-O Be7 13. Re1 O-O 14. Qb3 Qxb3
15. Nxb3 a5 16. Be3 a4 17. Nbd2 Na5 18. Rac1 Bc2 19. Kf1 b5 20. g4 Rfc8 21. h3
Rc6 22. Ke2 Rac8 23. Ra1 Bg6 24. h4 h5 25. Rg1 Rc2 26. Rab1 Nc4 27. Rgc1 Nxe3
0-1

[Event "XX C.to Mondiale Seniores"]
[Site "Arco ITA"]
[Date "2010.10.27"]
[Round "2"]
[White "Klundt, Klaus"]
[Black "Sawadkuhi, Massoud Amir"]
[WhiteElo "2355"]
[BlackElo "2154"]
[Result "1-0"]
[PlyCount "55"]
[EventDate "2010.10.26"]

1. e4 d5 2. exd5 Qxd5 3. Nc3 Qa5 4. d4 Nf6 5. Nf3 Bf5 6. Bc4 e6 7. Bd2 c6 8.
Nd5 Qd8 9. Nxf6+ gxf6 10. Bb3 Na6 11. Qe2 Nc7 12. O-O-O Bd6 13. c4 b5 14. cxb5
Nxb5 15. d5 e5 16. a4 Rc8 17. Bc2 Bxc2 18. Kxc2 cxd5+ 19. Kb1 Nc7 20. Ba5 Qd7
21. Nh4 Qxa4 22. Nf5 Ba3 23. Bxc7 Rxc7 24. Rxd5 O-O 25. Rd4 Qxd4 26. Nxd4 exd4
27. Qg4+ Kh8 28. Qg3 1-0

[Event "XX C.to Mondiale Seniores"]
[Site "Arco ITA"]
[Date "2010.10.27"]
[Round "2"]
[White "Lang, Ferdinand"]
[Black "Farago, Ivan"]
[WhiteElo "2161"]
[BlackElo "2420"]
[Result "0-1"]
[PlyCount "82"]
[EventDate "2010.10.26"]

1. e4 c5 2. Nf3 e6 3. d4 cxd4 4. Nxd4 a6 5. Be2 Nf6 6. Bf3 Qc7 7. O-O d6 8. Nc3
Nbd7 9. g3 Be7 10. Qe2 O-O 11. Bg2 Rb8 12. f4 b5 13. Be3 Bb7 14. a3 Rfe8 15.
Rae1 Bf8 16. h3 Nb6 17. Qf2 Nc4 18. Bc1 Nd7 19. Kh2 Nxa3 20. f5 e5 21. Ne6 fxe6
22. fxe6 Nf6 23. Nd5 Bxd5 24. exd5 Nxc2 25. Rd1 Be7 26. g4 Rf8 27. Qg3 Nd4 28.
g5 Nh5 29. Qg4 g6 30. Bd2 Rxf1 31. Rxf1 Qc2 32. Be3 Nf5 33. Rf2 Nxe3 34. Rxc2
Nxg4+ 35. hxg4 Nf4 36. Rc7 Nxg2 37. Kxg2 Bxg5 38. Rd7 Rd8 39. e7 Re8 40. Rxd6
Rxe7 41. Rxa6 e4 0-1